Тривожні наші дні (Запис № 17535)

000 -Маркер запису
Контрольне поле сталої довжини 02005nam a22002537a 4500
003 - Належність контрольного номера
Контрольне поле Uzh_bibl
008 - Кодовані дані
Контрольне поле сталої довжини 260427b |||||||| |||| 00| 0 ukr d
020 ## - Індекс ISBN
Ціна 1.20
040 ## - Джерело каталогіз.
Служба первин.кат. укр.
041 ## - Код мови видання
Код мови оригіналу українська
Код мови тексту українська
080 ## - Індекс УДК
Індекс УДК 821(477)
090 ## - Шифри
Поличний індекс 821(477)
Авторський знак Р 59
100 ## - Автор
Автор Нечай, Михайло
245 ## - Назва
Назва Тривожні наші дні
Відповідальність Післям. В. Плюща
Фізичний носій Текст
260 ## - Вихідні дані
Місце видання Київ
Видавництво Радянський письменник
Дата видання 1987
300 ## - Фізичний опис
Обсяг 295 с.
Тип одиниці В опр.
520 ## - Анотація
Анотація Роман Михайла Нечая “Тривожні наші дні” відображає складні процеси в житті суспільства та людини в умовах змін і моральних випробувань. У центрі твору — герої, які стикаються з проблемами вибору, відповідальності та внутрішніх сумнівів. Автор розкриває психологію персонажів, показує їхні переживання, прагнення знайти правду й своє місце в житті. Твір підкреслює напруженість епохи та важливість збереження людяності й моральних цінностей.
521 ## - Примітка про цільове призначення
Примітка про цільове призначення Для широкого кола читачів
546 ## - Примітка про мову
Примітка про мову укр.
650 ## - Тематичні рубрики
Основна рубрика Літературно-художнє видання
Хронологічна підрубрика Друга половина ХХ століття (радянський період, близький до сучасності автора)
Географічна підрубрика Події розгортаються в Україні, у міському та частково сільському середовищі
653 ## - Ключові слова
Ключові слова Суспільство
-- Тривога
-- Вибір
-- Відповідальність
-- Людина
655 ## - Термін індексування — жанр/форма
Жанр/форма Роман (соціально-психологічний)
Типове ділення Роман
942 ## - ADDED ENTRY ELEMENTS (KOHA)
Джерело класифікації чи схема поличного розташування
Koha item type Книги
Фонди
Статус вилучення Статус втрати/відсутності Джерело класифікації чи схема поличного розташування Статус пошкодження Тип обігу (не для випозичання) Постійне розташування Поточне розташування Розташування у відділі Дата надходження Інвентарний номер Total Checkouts Повний (примірниковий) шифр зберігання Штрих-код Date last seen Дата, для якої чинна ціна заміни Тип одиниці (рівень примірника)
          Публічна бібліотека Публічна бібліотека Абонемент 27/04/2026 32067   821(477) 20318 27/04/2026 27/04/2026 Книги

Працює на АБІС Коха